LEADER 01291nam0-2200349---450 001 990008691420403321 005 20200717083444.0 010 $a88-387-3268-X 035 $a000869142 035 $aFED01000869142 035 $a(Aleph)000869142FED01 035 $a000869142 100 $a20080724d2006----km-y0itay50------ba 101 0 $aita 102 $aIT 105 $aa-------001yy 200 1 $a<>certificazione energetica degli edifici e degli impianti$eguida tecnica all'applicazione del d.lgs.192/2005 in materia di rendimento energetico nell'edilizia$fWalter Grassi, Gianpaolo Scatizzi, Francesca Venturelli 210 $aSantarcangelo di Romagna$cMaggioli$dc2006 215 $a305 p.$cill.$d29 cm 225 1 $aProgettazione: tecniche & materiali$v16 610 0 $aEfficienza energetica degli edifici 610 0 $aCertificazione energetica degli edifici$aDecreto legislativo 192/2005 700 1$aGrassi,$bWalter$f<1948- >$0304382 701 1$aScatizzi,$bGianpaolo$0339498 701 1$aVenturelli,$bFrancesca$0358635 801 0$aIT$bUNINA$gRICA$2UNIMARC 901 $aBK 912 $a990008691420403321 952 $aD 564 CAN$b250 URB/U$fDARPU 959 $aDARPU 996 $aCertificazione energetica degli edifici e degli impianti$9711497 997 $aUNINA LEADER 01244cam0 22002893 450 001 SOB006214 005 20210524075612.0 010 $a8814038163 100 $a20040211d1992 |||||ita|0103 ba 101 $aita 102 $aIT 200 1 $a<>previdenza complementare nella Comunità Europea$eLezioni: Università Cattolica di Lovanio, aprile 1990$fPaola Olivelli$gRoberto Pessi 210 $aMilano$cGiuffrè$d1992 215 $aX, 146 p.$d24 cm 225 2 $aPubblicazioni della Facoltà di giurisprudenza$fUniversità di Macerata 410 1$1001LAEC00016672$12001 $a*Pubblicazioni della Facoltà di giurisprudenza / Università di Macerata 700 1$aOlivelli$b, Paola$3AF00006553$4070$0437401 702 1$aPessi, Roberto$3AF00007695$4070 801 0$aIT$bUNISOB$c20210524$gRICA 850 $aUNISOB 852 $aUNISOB$jFondo|Cofin$m106705 912 $aSOB006214 940 $aM 102 Monografia moderna SBN 941 $aM 957 $aFondo|Cofin$b000096$gSI$d106705$hCofin$racquisto$1carrano$2UNISOB$3UNISOB$420130122112528.0$520210524075612.0$6Spinosa$fPer le modalità di consultazione vedi homepage della Biblioteca link Fondi 996 $aPrevidenza complementare nella Comunità Europea$91677995 997 $aUNISOB